Регионална библиотека "Любен Каравелов" - Русе

Отгласи (Запис номер 206363)

MARC детайли
000 -Лидер
Контролно поле с фиксирана дължина nam a22 a 4500
003 - Код на организацията, давaща контролен номер
Контролно поле BLK
005 - Дата и час на последна редакция
Контролно поле 20181120105137.0
008 - Елементи от данни с фиксирана дължина
fixed length control field 180411b bul|||||r ||||||| ||bul||
010 ## - Наследен системен номер
LC control number KNG00216112000
020 ## - Международен стандартен номер на книга ISBN
Международен стандартен номер на книга ISBN 978-954-09-1215-8
040 ## - Източник на каталожния запис
Идентификатор на билиотеката - собственик на записа BLK
041 ## - Код за език
Код за езика на текст/звукозапис или на отделно заглавие Български
Код за езика КДБФ Български
080 ## - УДК
Текстов определител УДК Българска литература
УДК код - определител по УДК 821.163.2
УДК определител (092)
УДК - код + определител 821.163.2(092)
080 ## - УДК
Текстов определител УДК Българска литература
УДК код - определител по УДК 821.163.2
УДК определител .09
УДК - код + определител 821.163.2.09
080 ## - УДК
Текстов определител УДК Биографии - България
УДК код - определител по УДК 929(497.2)
УДК - код + определител 929(497.2)
100 1# - Редна дума - Автор
Автор Андасаров, Петър Георгиев
Авторска отговорност първи автор
R(LIN) 377840
139 ## - Редно поле
Редна дума Андасаров, Петър Георгиев
Авторски знак Анд - А 65
245 10 - Сведения за заглавието
Заглавие Отгласи
Подзаглавни данни литературна критика
Редно поле (дума) Петър Андасаров.
257 ## - Страна на издаване
Страна на създаване/издаване България
260 ## - Област на издателските данни
Година на издаване 2017
9 (RLIN) 209473
Място на издаване, разпространение и проч. София
Име на издателя, разпространителя и проч. Захарий Стоянов
Печатница Благоевград : Бон принт
300 ## - Физическа характеристика
Страници 456 с.
Размери/Мащаб 20 см
380 ## - Жанр
Жанр Литературознание
500 ## - Общи забележки
Забележка Поетът, който свети с думите / Иван Гранитски: с. 7-16. - Иван Гранитски - псевд. на Иван Йорданов Димитров. - За автора: с. 448-449. - На загл. с. означено кн. 4.
659 #7 - Тематичен бюлетин
9 (RLIN) 178160
Тематичен бюлетин Н
Тематичен бюлетин - текст Нови книги
700 ## - Други автори (авторска отговорност)
9 (RLIN) 1236
Лично име Гранитски, Иван
Автороска отговорност (Описва отношението между автора и произведението) предг. от
Пълна форма на името Димитров, Иван Йорданов
852 ## - Местоположение
Форматна сигнатура Цб 289174
852 ## - Местоположение
Форматна сигнатура Цб 291414
856 4# - Електронен адрес и достъп
Електронен формат pdf - файл
856 4# - Електронен адрес и достъп
Електронен формат pdf - файл
999 ## - СИСТЕМНИ КОНТРОЛНИ НОМЕРА
Koha biblionumber 206363
Koha biblioitemnumber 206363
942 ## - АРТИКУЛИ
Вид на библиотечния материал Книги
Скрит в OPAC Не
944 ## - СЪЗДАВАНЕ И РЕДАКЦИЯ на ЗАПИСА
Създаване/Редакция Създаване
Дата на регистрацията/редакция 19.02.2018
Служител, извършил регистрацията/редакцията Виолета_Тройчева
944 ## - СЪЗДАВАНЕ И РЕДАКЦИЯ на ЗАПИСА
Създаване/Редакция Редакция
Дата на регистрацията/редакция 20.02.2018
Служител, извършил регистрацията/редакцията Виолета_Тройчева
999 ## - СИСТЕМНИ КОНТРОЛНИ НОМЕРА
Koha biblioitemnumber 206363
999 ## - СИСТЕМНИ КОНТРОЛНИ НОМЕРА
Koha biblioitemnumber 206363
999 ## - СИСТЕМНИ КОНТРОЛНИ НОМЕРА
Koha biblioitemnumber 206363
Наличности
Код за отписване Код за изгубен артикул Източник на класификационната схема Код за повреда Коз за рестрикции Код за отдаване Артикулен № Име на библиотеката - собственик Име на библиотеката, в която се намира в момента Статус (Текущо местоположение) Дата на вписване в системата Местоположение - отдел Цена в лева Инвентарен номер Систематично азбучна сигнатура Баркод Номер на екземпляра Цена в евро Служебна бележка Служебен тип на артикула
  Не е изгубен Universal Decimal Classification Не е повреден без рестрикции заемане за дома 355034 Регионална библиотека "Любен Каравелов" Русе Регионална библиотека "Любен Каравелов" Русе Заемна - подръчен фонд 2018-02-07 Заемна - подръчен фонд 10.50 120000819696 821.163.2.09(092)/А 65 120000819696 1 5.37 Дост: Pk Вид: Ф N: 2904 Дата: 01.02.2018 Дата инв: 21.02.2018 Бележки инв: П2018 Книги
  Не е изгубен Universal Decimal Classification Не е повреден без рестрикции заемане за дома 355035 Регионална библиотека "Любен Каравелов" Русе Регионална библиотека "Любен Каравелов" Русе Заемна - подръчен фонд 2018-02-07 Заемна - подръчен фонд 10.50 120000819697 821.163.2.09(092)/А 65 120000819697 2 5.37 Дост: Pk Вид: Ф N: 2904 Дата: 01.02.2018 Дата инв: 21.02.2018 Бележки инв: П2018 Книги
  Не е изгубен Universal Decimal Classification Не е повреден без рестрикции ползва се в читалня 682758 Регионална библиотека "Любен Каравелов" Русе Регионална библиотека "Любен Каравелов" Русе Хранилище 2018-11-23 Хранилище 15.00   Цб 291414 120000825105   7.67   Книги
Vip Innovations Ltd, Rousse, Bulgaria 2025